How many times can you type 111 in 15 seconds - Statistics

General Stats
  • This quiz has been taken 561 times
  • The average score is 55 of 80
Answer Stats
Amount 111 % Correct
1 111
100%
2 111
100%
3 111
100%
4 111
100%
5 111
100%
6 111
99%
7 111
99%
8 111
98%
9 111
98%
10 111
98%
11 111
98%
12 111
98%
13 111
98%
14 111
98%
15 111
98%
16 111
96%
17 111
96%
18 111
96%
19 111
94%
20 111
94%
21 111
93%
22 111
93%
23 111
91%
24 111
89%
25 111
87%
26 111
86%
27 111
84%
28 111
82%
29 111
81%
30 111
78%
31 111
75%
32 111
71%
33 111
69%
34 111
67%
35 111
62%
36 111
62%
37 111
60%
38 111
58%
39 111
56%
40 111
56%
41 111
55%
42 111
55%
43 111
55%
44 111
54%
45 111
54%
46 111
53%
47 111
53%
48 111
52%
49 111
52%
50 111
52%
51 111
51%
52 111
51%
53 111
51%
54 111
51%
55 111
51%
56 111
51%
57 111
51%
58 111
51%
59 111
51%
60 111
50%
61 111
50%
62 111
50%
63 111
50%
64 111
50%
65 111
50%
66 111
50%
67 111
50%
68 111
50%
69 111
49%
70 111
49%
71 111
49%
72 111
49%
73 111
49%
74 111
49%
75 111
49%
76 111
48%
77 111
48%
78 111
48%
79 111
48%
80 111
47%
No matching quizzes found
Score Distribution
Percent of People with Each Score
Percentile by Number Answered
Your Score History
You have not taken this quiz